[Event "20th EUR-ch"]
[Site "Skopje MKD"]
[Date "2019.03.21"]
[Round "4"]
[White "Solak, Dragan"]
[Black "Caspi, Israel"]
[Result "1-0"]
[WhiteElo "2601"]
[BlackElo "2461"]
[EventDate "2019.03.18"]
[Board "58"]
[PlyCount "127"]

1.e4 e5 2.Nf3 Nf6 3.Nxe5 d6 4.Nf3 Nxe4 5.d4 d5 6.Bd3 Bd6 7.O-O O-O 8.Re1 
Bf5 9.c4 c6 10.Qc2 Na6 11.a3 Re8 12.Nc3 Bg6 13.Nxe4 dxe4 14.Bxe4 Qe7 15.
Bg5 Bxe4 16.Bxe7 Bxh2+ 17.Kxh2 Bxc2 18.d5 cxd5 19.cxd5 Ba4 20.Nd4 Nc7 21.
d6 Nd5 22.Rac1 Rac8 23.Rxc8 Rxc8 24.Re5 Nb6 25.Ra5 Rc4 26.Nf3 a6 27.Ne5 
Rd4 28.Bd8 Rxd6 29.Bxb6 Bb5 30.a4 Bxa4 31.Rxa4 Rxb6 32.Rc4 h6 33.b4 Rb5 
34.f4 g5 35.Kg3 Kg7 36.Kf3 gxf4 37.Kxf4 Kf6 38.Ng4+ Kg7 39.Ne5 Kf6 40.Ng4+
Kg7 41.Rd4 b6 42.Ne3 a5 43.bxa5 bxa5 44.Rd6 Rb4+ 45.Kf3 Rb5 46.Ra6 Rc5 47.
Kf4 f6 48.Ng4 Rc4+ 49.Kg3 Rc3+ 50.Kh2 f5 51.Nxh6 Rc5 52.Kg3 a4 53.Kf4 Rc4+
54.Kxf5 a3 55.Kg5 Rc2 56.g4 a2 57.Nf5+ Kf7 58.Ra7+ Kf8 59.Kh5 Kg8 60.g5 
Kf8 61.g6 Rh2+ 62.Kg5 Ke8 63.g7 Rg2+ 64.Kf6 1-0

[Event "20th EUR-ch"]
[Site "Skopje MKD"]
[Date "2019.03.21"]
[Round "4"]
[White "Huschenbeth, Niclas"]
[Black "Flom, Gabriel"]
[Result "1-0"]
[WhiteElo "2594"]
[BlackElo "2457"]
[EventDate "2019.03.18"]
[Board "59"]
[PlyCount "86"]

1.e4 e6 2.d4 d5 3.Nc3 Bb4 4.e5 c5 5.a3 Bxc3+ 6.bxc3 Ne7 7.Qg4 cxd4 8.Bd3 
Qa5 9.Ne2 O-O 10.Bg5 Ng6 11.Qg3 Nd7 12.h4 Qc5 13.f4 h5 14.Qe3 Qb6 15.Nxd4 
Nb8 16.Kf2 Nc6 17.Nxc6 bxc6 18.g4 hxg4 19.h5 f6 20.exf6 gxf6 21.Bh6 Ne7 
22.Bxf8 Kxf8 23.h6 Kg8 24.h7+ Kh8 25.Rh6 e5 26.Qxb6 axb6 27.Rxf6 e4 28.
Bxe4 dxe4 29.Rf8+ Kxh7 30.Rf7+ Kg6 31.Rxe7 Bf5 32.Rd1 e3+ 33.Kg3 Kf6 34.
Rxe3 Rh8 35.Rd6+ Kf7 36.Rxc6 Rh3+ 37.Kf2 Rh2+ 38.Kg3 Rh3+ 39.Kf2 Rh2+ 40.
Kg1 Rxc2 41.Rc7+ Kg6 42.Rce7 Ra2 43.Re8 Rxa3 1-0

[Event "20th EUR-ch"]
[Site "Skopje MKD"]
[Date "2019.03.21"]
[Round "4"]
[White "Zwardon, Vojtech"]
[Black "Donchenko, Alexander"]
[Result "0-1"]
[WhiteElo "2452"]
[BlackElo "2593"]
[EventDate "2019.03.18"]
[Board "60"]
[PlyCount "82"]

1.c4 g6 2.g3 Bg7 3.Bg2 Nf6 4.Nc3 O-O 5.d3 d6 6.Bg5 h6 7.Bd2 Nc6 8.Rb1 e5 
9.b4 a6 10.e3 Ne7 11.Nge2 c6 12.O-O d5 13.cxd5 cxd5 14.d4 e4 15.b5 axb5 
16.Rxb5 Ne8 17.Nf4 Nd6 18.Rb4 Ra5 19.Qe2 g5 20.Nh5 Bh8 21.Rfb1 Be6 22.a4 
Qd7 23.f3 exf3 24.Bxf3 f5 25.Rb6 Nec8 26.R6b2 b6 27.Qg2 Qf7 28.Bd1 Nc4 29.
Rb5 Ra7 30.Bc1 N8d6 31.R5b3 Ne4 32.h3 Bd7 33.g4 Nxc3 34.Rxc3 f4 35.Bf3 Be6
36.Rxc4 dxc4 37.d5 fxe3 38.Qc2 Bxd5 39.Bxd5 Qxd5 40.Bxe3 Bd4 41.Re1 Kh8 
0-1

[Event "20th EUR-ch"]
[Site "Skopje MKD"]
[Date "2019.03.21"]
[Round "4"]
[White "Warmerdam, Max"]
[Black "Nikolov, Momchil"]
[Result "1-0"]
[WhiteElo "2448"]
[BlackElo "2584"]
[EventDate "2019.03.18"]
[Board "61"]
[PlyCount "61"]

1.e4 c5 2.Nf3 Nc6 3.d4 cxd4 4.Nxd4 Qb6 5.Nb3 Nf6 6.Nc3 e6 7.a3 Qc7 8.f4 d6
9.Be3 a6 10.g4 h6 11.h4 h5 12.g5 Ng4 13.Bg1 g6 14.Be2 Bg7 15.Rh3 Ne7 16.
Rd3 e5 17.f5 gxf5 18.Rxd6 O-O 19.Bb6 Qb8 20.Bc4 fxe4 21.g6 Be6 22.gxf7+ 
Bxf7 23.Bxf7+ Kxf7 24.Nxe4 Kg8 25.Qd3 Qe8 26.O-O-O Nc8 27.Rd8 Qb5 28.Rxf8+
Bxf8 29.Nf6+ Kf7 30.Qh7+ Kxf6 31.Bd8+ 1-0

[Event "20th EUR-ch"]
[Site "Skopje MKD"]
[Date "2019.03.21"]
[Round "4"]
[White "Huzman, Alexander"]
[Black "Draskovic, Luka"]
[Result "1-0"]
[WhiteElo "2582"]
[BlackElo "2449"]
[EventDate "2019.03.18"]
[Board "62"]
[PlyCount "181"]

1.d4 Nf6 2.Nf3 e6 3.c4 b6 4.g3 Bb4+ 5.Bd2 Be7 6.Bg2 Bb7 7.Nc3 O-O 8.O-O c6
9.Qb3 d5 10.Bf4 Nbd7 11.cxd5 cxd5 12.Nb5 Ne4 13.Rfc1 a6 14.Bc7 Qe8 15.Nc3 
b5 16.a4 Rc8 17.Ba5 Ndf6 18.axb5 Nxc3 19.Bxc3 axb5 20.Bb4 Bxb4 21.Qxb4 Rc4
22.Rxc4 dxc4 23.Ra5 Qd8 24.Rxb5 Bxf3 25.Bxf3 Qxd4 26.Qc5 e5 27.Qxe5 Qxe5 
28.Rxe5 Rb8 29.Rc5 g6 30.Rxc4 Rxb2 31.Rc1 Rd2 32.h3 Rd7 33.Rc5 Kg7 34.Kg2 
Re7 35.e3 h5 36.Be2 Ne4 37.Rc2 Rd7 38.Bf3 Nd2 39.Ba8 Rd8 40.Bb7 Rd7 41.Rb2
Nc4 42.Rb4 Ne5 43.Be4 Re7 44.Kf1 Nd7 45.Ke2 f5 46.Bc2 Nf6 47.Bb3 Ne4 48.
Bc2 Nf6 49.Bd3 Nd5 50.Rc4 Nf6 51.Rc5 Kf7 52.Rb5 Kg7 53.Rb4 Kf7 54.Ba6 Kg7 
55.Rb7 Rxb7 56.Bxb7 Nd7 57.Bc6 Ne5 58.Be8 Kf6 59.f4 Nc4 60.Kd3 Nd6 61.Bc6 
Nc8 62.Kd4 Ne7 63.Be8 Ke6 64.Kc5 Kf6 65.Kd6 Nc8+ 66.Kd5 Ne7+ 67.Kc5 Ke6 
68.Bb5 Nc8 69.Bc4+ Ke7 70.Kd5 Nb6+ 71.Kd4 Nd7 72.Bb3 Nf6 73.Ba2 Ne4 74.g4 
hxg4 75.hxg4 Nf6 76.g5 Nd7 77.Bb3 Nb6 78.Bc4 Nd7 79.Bb5 Nf8 80.Ke5 Kf7 81.
Kd6 Kg7 82.Bc4 Nh7 83.Be6 Nf8 84.Ke5 Nh7 85.Bxf5 gxf5 86.Kxf5 Nf8 87.e4 
Ng6 88.e5 Ne7+ 89.Ke6 Nc6 90.Kd7 Nd4 91.e6 1-0

[Event "20th EUR-ch"]
[Site "Skopje MKD"]
[Date "2019.03.21"]
[Round "4"]
[White "Godena, Michele"]
[Black "Santos Latasa, Jaime"]
[Result "0-1"]
[WhiteElo "2449"]
[BlackElo "2582"]
[EventDate "2019.03.18"]
[Board "63"]
[PlyCount "112"]

1.e4 c5 2.c3 Nf6 3.e5 Nd5 4.Bc4 Nb6 5.Bb3 Nc6 6.Nf3 c4 7.Bc2 d6 8.exd6 
Qxd6 9.O-O Bg4 10.Re1 O-O-O 11.Qe2 Qf6 12.Be4 e5 13.b3 Qe6 14.bxc4 Qxc4 
15.d3 Qa4 16.h3 Bh5 17.Be3 Nd5 18.c4 Nxe3 19.fxe3 Bb4 20.Rc1 Rhe8 21.Nc3 
Bxc3 22.Rxc3 Bg6 23.Bxc6 Qxc6 24.e4 f5 25.exf5 Bxf5 26.Qe3 Qb6 27.c5 Qh6 
28.Qxh6 gxh6 29.Re1 Bxd3 30.Rxe5 Rxe5 31.Nxe5 Be4 32.Kf2 Rf8+ 33.Nf3 Kd7 
34.Ke3 Bd5 35.Ne5+ Kc7 36.Rc2 Rf5 37.Kd4 Be6 38.Ke4 Rf1 39.Rd2 Re1+ 40.Kf4
Rf1+ 41.Ke3 Re1+ 42.Kf4 Rf1+ 43.Ke3 a5 44.Rd6 Re1+ 45.Kf4 Bxa2 46.Rd7+ Kc8
47.Rxh7 Bb1 48.Re7 Re4+ 49.Kg3 Bc2 50.Kh2 Ba4 51.g4 Bb5 52.h4 a4 53.c6 
bxc6 54.Kg3 a3 55.g5 hxg5 56.hxg5 a2 0-1

[Event "20th EUR-ch"]
[Site "Skopje MKD"]
[Date "2019.03.21"]
[Round "4"]
[White "Yuffa, Daniil"]
[Black "Haldorsen, Benjamin"]
[Result "1-0"]
[WhiteElo "2582"]
[BlackElo "2448"]
[EventDate "2019.03.18"]
[Board "64"]
[PlyCount "113"]

1.Nf3 c5 2.c4 Nc6 3.Nc3 g6 4.g3 Bg7 5.Bg2 e6 6.O-O Nge7 7.d3 O-O 8.Bg5 h6 
9.Bd2 b6 10.a3 Bb7 11.Rb1 d6 12.b4 Qd7 13.Nb5 Rfd8 14.Qc1 Kh7 15.bxc5 dxc5
16.a4 a5 17.Bc3 Nb4 18.Bxg7 Kxg7 19.Ne5 Qc8 20.Ng4 Ng8 21.Bxb7 Qxb7 22.Qf4
h5 23.Ne3 Qb8 24.Qh4 Qe5 25.Qh3 Nf6 26.Rfe1 Rd7 27.Nf1 Ne8 28.Nd2 Nd6 29.
Qh4 Nf5 30.Nf3 Qf6 31.Qxf6+ Kxf6 32.h3 Ne7 33.Kg2 Nec6 34.g4 Rh8 35.Kg3 
Ke7 36.Nc3 Rdd8 37.Ne4 Rd7 38.Rb2 Rdd8 39.Rd1 Rd7 40.Rbd2 Rdd8 41.e3 hxg4 
42.hxg4 e5 43.g5 Ke6 44.Nf6 Rd6 45.Rb2 Ne7 46.e4 Nxd3 47.Rbd2 Rh3+ 48.Kxh3
Nxf2+ 49.Rxf2 Rxd1 50.Nd5 Nxd5 51.cxd5+ Kd6 52.Nd2 Ke7 53.Kg3 Rg1+ 54.Kf3 
Ra1 55.Nc4 Rxa4 56.d6+ Ke6 57.d7 1-0

[Event "20th EUR-ch"]
[Site "Skopje MKD"]
[Date "2019.03.21"]
[Round "4"]
[White "Muradli, Mahammad"]
[Black "Wagner, Dennis"]
[Result "1/2-1/2"]
[WhiteElo "2444"]
[BlackElo "2580"]
[EventDate "2019.03.18"]
[Board "65"]
[PlyCount "116"]

1.d4 Nf6 2.c4 g6 3.Nc3 d5 4.Nf3 Bg7 5.Bg5 Ne4 6.Bf4 Nxc3 7.bxc3 c5 8.e3 
O-O 9.cxd5 cxd4 10.cxd4 Qxd5 11.Be2 Qa5+ 12.Qd2 Nc6 13.Qxa5 Nxa5 14.Bc7 
Nc6 15.Rb1 b6 16.O-O Bb7 17.Rfc1 Rfc8 18.Bg3 Na5 19.Ne5 Kf8 20.f3 f6 21.
Nc4 Ba6 22.Nxa5 Bxe2 23.Nc6 b5 24.Rc5 Ke8 25.Na5 Rxc5 26.dxc5 Rc8 27.Kf2 
Bd3 28.Rb3 Bc4 29.Nxc4 bxc4 30.Rb8 Kd7 31.Rxc8 Kxc8 32.c6 e5 33.Ke2 Kc7 
34.Kd2 Kxc6 35.Kc3 Kb5 36.e4 Bf8 37.Bh4 Bb4+ 38.Kc2 g5 39.Bf2 Bc5 40.Be1 
Ka4 41.h4 Bd4 42.Bd2 c3 43.Be1 Kb4 44.hxg5 fxg5 45.g4 Ka3 46.Kb1 h6 47.Bg3
c2+ 48.Kxc2 Kxa2 49.Be1 Ka3 50.Ba5 Ka4 51.Bd8 Kb4 52.Be7+ Kc4 53.Bd6 a5 
54.Ba3 Be3 55.Bb2 Bd4 56.Ba3 a4 57.Bd6 Bc3 58.Ba3 Bd4 1/2-1/2

[Event "20th EUR-ch"]
[Site "Skopje MKD"]
[Date "2019.03.21"]
[Round "4"]
[White "Pultinevicius, Paulius"]
[Black "Maze, Sebastien"]
[Result "0-1"]
[WhiteElo "2439"]
[BlackElo "2578"]
[EventDate "2019.03.18"]
[Board "66"]
[PlyCount "110"]

1.c4 Nf6 2.Nc3 e5 3.Nf3 Nc6 4.e4 Bb4 5.d3 d6 6.Be2 Bg4 7.O-O Bxf3 8.Bxf3 
Bc5 9.g3 a5 10.Bg2 Nd4 11.Be3 c6 12.a3 h5 13.Rb1 h4 14.b4 Ba7 15.Ne2 hxg3 
16.hxg3 Nxe2+ 17.Qxe2 Bxe3 18.Qxe3 axb4 19.axb4 Ng4 20.Qe2 Qg5 21.Ra1 Rb8 
22.Ra7 Rh6 23.Rfa1 Ke7 24.c5 Qh5 25.b5 Rf6 26.Bf3 Qh2+ 27.Kf1 dxc5 28.bxc6
Rxc6 29.Bg2 Nf6 30.Qb2 Nd7 31.Rxb7 Rxb7 32.Qxb7 Rb6 33.Qa7 Rf6 34.Qa2 Qxg3
35.Qc2 Qe3 36.Ra7 Qd4 37.Bh3 Rd6 38.Rxd7+ Rxd7 39.Bxd7 Kxd7 40.Ke2 g6 41.
Qb3 Ke7 42.Qb7+ Kf6 43.Qa6+ Kg7 44.Qa3 Kf6 45.Qa6+ Kg7 46.Kf1 Kh6 47.Ke2 
Kg5 48.Kf1 Qb2 49.Kg2 Qd2 50.Qc4 f6 51.Qxc5 Qxd3 52.Qc6 Qd2 53.Qb7 Kg4 54.
Qg7 Qg5 55.Qh8 Kf4+ 0-1

[Event "20th EUR-ch"]
[Site "Skopje MKD"]
[Date "2019.03.21"]
[Round "4"]
[White "Paichadze, Luka"]
[Black "Kozak, Adam"]
[Result "1-0"]
[WhiteElo "2576"]
[BlackElo "2445"]
[EventDate "2019.03.18"]
[Board "67"]
[PlyCount "25"]

1.e4 c5 2.Nf3 d6 3.d4 cxd4 4.Qxd4 Nc6 5.Bb5 Bd7 6.Bxc6 bxc6 7.Nc3 Nf6 8.
Bg5 e6 9.O-O Be7 10.Rfe1 O-O 11.e5 dxe5 12.Nxe5 c5 13.Qc4 1-0

[Event "20th EUR-ch"]
[Site "Skopje MKD"]
[Date "2019.03.21"]
[Round "4"]
[White "Todorovic, Goran M"]
[Black "Meskovs, Nikita"]
[Result "1/2-1/2"]
[WhiteElo "2429"]
[BlackElo "2568"]
[EventDate "2019.03.18"]
[Board "68"]
[PlyCount "104"]

1.e4 e5 2.Nf3 Nc6 3.Bb5 a6 4.Ba4 Nf6 5.O-O Be7 6.Re1 b5 7.Bb3 d6 8.c3 O-O 
9.h3 Na5 10.Bc2 c5 11.d4 Nd7 12.a4 b4 13.d5 Rb8 14.cxb4 cxb4 15.b3 g6 16.
Bh6 Re8 17.Nbd2 Rb7 18.Nf1 Nc5 19.Ng3 Bd7 20.Rb1 Qb6 21.Nh2 Rc8 22.Ng4 Bh4
23.Kh2 Qd8 24.Qd2 Bxg4 25.hxg4 f6 26.Be3 Bg5 27.Nf1 Nd7 28.Bd3 Rc3 29.Bxa6
Ra7 30.Bb5 Nc5 31.Bxg5 fxg5 32.Re3 Naxb3 33.Qd1 Rxe3 34.fxe3 Qc8 35.Rxb3 
Nxb3 36.Qxb3 Qc3 37.Qxc3 bxc3 38.Ng3 c2 39.Ne2 Rc7 40.Bc6 Kf8 41.Kg1 Rf7 
42.Nc1 h5 43.Bb5 Ke7 44.Nb3 Kd8 45.Bd3 Rc7 46.Nc1 Rb7 47.Bb5 Rf7 48.Bd3 
Rb7 49.Bb5 Rf7 50.Bd3 hxg4 51.g3 Rf3 52.Bxc2 Rxe3 1/2-1/2

[Event "20th EUR-ch"]
[Site "Skopje MKD"]
[Date "2019.03.21"]
[Round "4"]
[White "Moroni, Luca jr"]
[Black "Mazur, Stefan"]
[Result "1-0"]
[WhiteElo "2564"]
[BlackElo "2441"]
[EventDate "2019.03.18"]
[Board "69"]
[PlyCount "81"]

1.d4 d5 2.c4 e6 3.Nc3 Be7 4.cxd5 exd5 5.Bf4 c6 6.e3 Bf5 7.Nge2 Nd7 8.h4 
Ngf6 9.Ng3 Be6 10.Bd3 Nb6 11.Qc2 Bd6 12.Nce2 Bb4+ 13.Nc3 Bd6 14.O-O-O Bxf4
15.exf4 Qd6 16.f5 Bd7 17.Rde1+ Kd8 18.Nge2 a6 19.f3 Kc7 20.Qd2 Rac8 21.g4 
Rhe8 22.Nf4 Rxe1+ 23.Rxe1 Re8 24.Nce2 Nc4 25.Bxc4 dxc4 26.Kd1 h5 27.g5 Nd5
28.Nxd5+ Qxd5 29.Qf4+ Kb6 30.Ng3 Rxe1+ 31.Kxe1 g6 32.fxg6 fxg6 33.Ne2 c5 
34.Qe5 Bc6 35.Qxd5 Bxd5 36.f4 cxd4 37.f5 gxf5 38.Nf4 Kc6 39.g6 Bg8 40.Nxh5
Kd6 41.Nf4 1-0

[Event "20th EUR-ch"]
[Site "Skopje MKD"]
[Date "2019.03.21"]
[Round "4"]
[White "Santos Ruiz, Miguel"]
[Black "Kourkoulos-Arditis, Stamatis"]
[Result "0-1"]
[WhiteElo "2560"]
[BlackElo "2435"]
[EventDate "2019.03.18"]
[Board "70"]
[PlyCount "114"]

1.c4 Nf6 2.Nc3 g6 3.g3 Bg7 4.Bg2 O-O 5.d4 d6 6.Nf3 c6 7.O-O Qb6 8.h3 Qa6 
9.b3 b5 10.Nd2 bxc4 11.Nxc4 Be6 12.Qd3 Nd5 13.e3 Nxc3 14.Qxc3 Nd7 15.Bb2 
Rac8 16.Na5 Bd5 17.Bxd5 cxd5 18.Qd2 Nf6 19.f3 h5 20.Rac1 Bh6 21.b4 Qb5 22.
a3 Qd7 23.Kg2 Qe6 24.Rxc8 Rxc8 25.Rc1 Rxc1 26.Bxc1 Nh7 27.h4 g5 28.Nc6 
gxh4 29.gxh4 Nf8 30.b5 Ng6 31.Nxa7 Nxh4+ 32.Kf2 Qh3 33.Ke2 Qxf3+ 34.Kd3 
Nf5 35.Qe1 e5 36.b6 Qe4+ 37.Kc3 exd4+ 38.Kb4 dxe3+ 39.Ka5 Nd4 40.b7 Nb3+ 
41.Kb6 Qd4+ 42.Kc7 Qxa7 43.Qg3+ Bg7 44.Bxe3 Nc5 45.Bxc5 Qxc5+ 46.Kd7 Qb6 
47.Kc8 Qc6+ 48.Kb8 Qc5 49.a4 d4 50.Qe1 d3 51.a5 d5 52.a6 Qd6+ 53.Kc8 Qc6+ 
54.Kb8 Qxa6 55.Kc7 Qc4+ 56.Kd7 Qb5+ 57.Kc7 d2 0-1

[Event "20th EUR-ch"]
[Site "Skopje MKD"]
[Date "2019.03.21"]
[Round "4"]
[White "Halkias, Stelios"]
[Black "Zarubitski, Viachaslau"]
[Result "1/2-1/2"]
[WhiteElo "2552"]
[BlackElo "2404"]
[EventDate "2019.03.18"]
[Board "71"]
[PlyCount "39"]

1.Nf3 d5 2.d4 Nf6 3.c4 c6 4.Nc3 dxc4 5.e4 b5 6.Be2 e6 7.O-O Bb7 8.a4 a6 9.
e5 Nd5 10.Ne4 h6 11.Bd2 Nd7 12.b3 cxb3 13.Qxb3 b4 14.a5 c5 15.Rfc1 Rc8 16.
Qa4 Bc6 17.Qd1 Bb7 18.Qa4 Bc6 19.Qd1 Bb7 20.Qa4 1/2-1/2

[Event "20th EUR-ch"]
[Site "Skopje MKD"]
[Date "2019.03.21"]
[Round "4"]
[White "Parvanian, Ashot"]
[Black "Tsydypov, Zhamsaran"]
[Result "0-1"]
[WhiteElo "2426"]
[BlackElo "2551"]
[EventDate "2019.03.18"]
[Board "72"]
[PlyCount "58"]

1.e4 c5 2.Nf3 d6 3.d4 cxd4 4.Nxd4 Nf6 5.Nc3 a6 6.Be3 e6 7.g4 h6 8.h4 Nc6 
9.Rg1 Nxd4 10.Qxd4 e5 11.Qd1 Qa5 12.Qd3 Be6 13.g5 hxg5 14.Bxg5 d5 15.exd5 
Nxd5 16.Rd1 Bb4 17.Bd2 Rxh4 18.a3 Bxc3 19.bxc3 Qxa3 20.Rxg7 O-O-O 21.Bg5 
e4 22.Qg3 e3 23.Qe5 Re4 24.Qxe4 Qxc3+ 25.Ke2 Qxg7 26.Qc4+ Kb8 27.Bf4+ Ka8 
28.Rxd5 Rxd5 29.Qc7 Rd2+ 0-1

[Event "20th EUR-ch"]
[Site "Skopje MKD"]
[Date "2019.03.21"]
[Round "4"]
[White "Iliaguev, Nisim"]
[Black "Kulaots, Kaido"]
[Result "1/2-1/2"]
[WhiteElo "2366"]
[BlackElo "2544"]
[EventDate "2019.03.18"]
[Board "73"]
[PlyCount "28"]

1.d4 Nf6 2.c4 g6 3.g3 Bg7 4.Bg2 d5 5.cxd5 Nxd5 6.e4 Nb6 7.Ne2 c5 8.d5 e6 
9.O-O O-O 10.Nbc3 exd5 11.Nxd5 Nxd5 12.exd5 Bd7 13.Nc3 Na6 14.Be3 Qe7 
1/2-1/2

[Event "20th EUR-ch"]
[Site "Skopje MKD"]
[Date "2019.03.21"]
[Round "4"]
[White "Paszewski, Mateusz"]
[Black "Grigoriants, Sergey"]
[Result "0-1"]
[WhiteElo "2340"]
[BlackElo "2543"]
[EventDate "2019.03.18"]
[Board "74"]
[PlyCount "70"]

1.e4 c5 2.Nf3 d6 3.Bb5+ Nd7 4.Ba4 Nf6 5.O-O a6 6.c4 e6 7.Nc3 Be7 8.d3 O-O 
9.a3 Qc7 10.Bg5 b6 11.Rb1 Bb7 12.Re1 Rfd8 13.h3 Rac8 14.Qe2 Nf8 15.Rec1 
Ng6 16.b4 Ba8 17.Qd2 h6 18.Be3 d5 19.cxd5 exd5 20.bxc5 dxe4 21.cxb6 Qb7 
22.Ne1 Bxa3 23.Rd1 exd3 24.Rb3 Bf8 25.f4 Nh4 26.Kh2 Rc4 27.Qb2 Ne4 28.Nxe4
Rxe4 29.Rbxd3 Rxd3 30.Rxd3 Rxa4 31.Rd8 Qe4 32.Rxa8 Qxa8 33.b7 Qb8 34.Ba7 
Qxf4+ 35.g3 Rb4 0-1

[Event "20th EUR-ch"]
[Site "Skopje MKD"]
[Date "2019.03.21"]
[Round "4"]
[White "Christiansen, Johan-Sebastian"]
[Black "Arsovic, Goran"]
[Result "1-0"]
[WhiteElo "2539"]
[BlackElo "2380"]
[EventDate "2019.03.18"]
[Board "75"]
[PlyCount "67"]

1.e4 c5 2.Nf3 d6 3.d4 cxd4 4.Nxd4 Nf6 5.Nc3 a6 6.h3 e5 7.Nb3 Nbd7 8.a4 b6 
9.g4 h6 10.Bg2 Bb7 11.Be3 Rc8 12.Qe2 Qc7 13.O-O-O Qc4 14.Qxc4 Rxc4 15.f3 
Be7 16.h4 h5 17.g5 Nh7 18.Bf1 Rc8 19.Nd5 Bd8 20.f4 exf4 21.Bxf4 Ne5 22.Bh3
Rb8 23.Nd4 g6 24.Bxe5 dxe5 25.Nf3 f6 26.gxf6 Bxf6 27.Nxf6+ Nxf6 28.Nxe5 
Bxe4 29.Rhg1 Bf5 30.Bxf5 gxf5 31.Rd6 Ke7 32.Rgd1 Rbg8 33.Rxb6 Rg2 34.Rb7+ 
1-0

[Event "20th EUR-ch"]
[Site "Skopje MKD"]
[Date "2019.03.21"]
[Round "4"]
[White "Murzin, Volodar"]
[Black "Stupak, Kirill"]
[Result "1/2-1/2"]
[WhiteElo "2337"]
[BlackElo "2537"]
[EventDate "2019.03.18"]
[Board "76"]
[PlyCount "52"]

1.e4 e6 2.d4 d5 3.exd5 exd5 4.Nf3 Bf5 5.Bd3 Bxd3 6.Qxd3 c6 7.O-O Bd6 8.c4 
Ne7 9.c5 Bc7 10.b4 Nd7 11.Nc3 O-O 12.Bg5 Re8 13.Rfe1 Nf8 14.Re2 f6 15.Bd2 
Qd7 16.Rae1 a6 17.a4 Nfg6 18.a5 Kf8 19.Na4 Rad8 20.Nc3 h5 21.h3 Kf7 22.Na4
Nf5 23.Nb6 Bxb6 24.Rxe8 Rxe8 25.Rxe8 Kxe8 26.axb6 Qe6 1/2-1/2

[Event "20th EUR-ch"]
[Site "Skopje MKD"]
[Date "2019.03.21"]
[Round "4"]
[White "Vallejo Pons, Francisco"]
[Black "Martic, Zlatko"]
[Result "1/2-1/2"]
[WhiteElo "2698"]
[BlackElo "2261"]
[EventDate "2019.03.18"]
[Board "77"]
[PlyCount "72"]

1.e4 c6 2.d4 d5 3.e5 c5 4.Nf3 Nc6 5.dxc5 Bg4 6.c3 e6 7.b4 Bxf3 8.Qxf3 Nxe5
9.Bb5+ Nc6 10.O-O Be7 11.Bf4 Bf6 12.Na3 Ne7 13.Rad1 O-O 14.Nc4 Ng6 15.Bg3 
Nge5 16.Nxe5 Nxe5 17.Qe3 Nc6 18.a4 Qc8 19.a5 a6 20.Ba4 Rd8 21.Qd2 d4 22.c4
e5 23.Rfe1 Qe6 24.Rc1 e4 25.Bc7 e3 26.Qd1 Re8 27.Qf3 Bh4 28.g3 Bg5 29.Kg2 
d3 30.Rcd1 Qxc4 31.Bxc6 bxc6 32.fxe3 Re6 33.Qf5 Qc2+ 34.Kh1 Rxe3 35.Rf1 
Bf6 36.Qd7 Rae8 1/2-1/2

[Event "20th EUR-ch"]
[Site "Skopje MKD"]
[Date "2019.03.21"]
[Round "4"]
[White "Blohberger, Felix"]
[Black "Korobov, Anton"]
[Result "0-1"]
[WhiteElo "2459"]
[BlackElo "2686"]
[EventDate "2019.03.18"]
[Board "78"]
[PlyCount "64"]

1.e4 c5 2.Nf3 Nc6 3.Bb5 g6 4.O-O Bg7 5.Re1 e5 6.Bxc6 dxc6 7.d3 Qe7 8.a3 
Nf6 9.Nbd2 O-O 10.b4 Be6 11.bxc5 Qxc5 12.a4 Rfe8 13.Ba3 Qa5 14.Qb1 Nd7 15.
Bb4 Qd8 16.a5 h5 17.Qb2 Qc7 18.Bc3 b5 19.axb6 axb6 20.d4 b5 21.Rxa8 Rxa8 
22.Ra1 Rb8 23.Ba5 Qc8 24.c3 b4 25.Bxb4 exd4 26.Qc1 c5 27.Ba5 d3 28.Ra3 Ne5
29.Nxe5 Bxe5 30.Nf3 Bg7 31.h3 Qb7 32.Qe3 Qb2 0-1

[Event "20th EUR-ch"]
[Site "Skopje MKD"]
[Date "2019.03.21"]
[Round "4"]
[White "Perunovic, Miodrag"]
[Black "Eljanov, Pavel"]
[Result "1/2-1/2"]
[WhiteElo "2436"]
[BlackElo "2682"]
[EventDate "2019.03.18"]
[Board "79"]
[PlyCount "104"]

1.e4 c5 2.Nf3 Nc6 3.Bb5 g6 4.O-O Bg7 5.c3 Nf6 6.d4 Nxe4 7.d5 Nd6 8.Bd3 Ne5
9.Nxe5 Bxe5 10.Bh6 f5 11.Re1 Bf6 12.Bf4 Nf7 13.d6 e6 14.a4 b6 15.a5 Bb7 
16.Bc4 O-O 17.h3 Bc6 18.Na3 bxa5 19.Bb3 Rb8 20.Nc4 Bd5 21.Nxa5 Bxb3 22.
Nxb3 Qb6 23.Ra3 Rfc8 24.Re2 e5 25.Be3 f4 26.Bxc5 Rxc5 27.Nxc5 Qxc5 28.b4 
Qc4 29.Rea2 Rb6 30.Qe2 Qxe2 31.Rxe2 Nxd6 32.Rxa7 Nb5 33.Rxd7 Nxc3 34.Rc2 
e4 35.Rc7 Rxb4 36.R2xc3 Bxc3 37.Rxc3 Kg7 38.Kf1 Kf6 39.Kg1 Ra4 40.Kh2 Kg5 
41.Kg1 h5 42.Rb3 Rc4 43.Kh2 Kh4 44.Rb6 Rc2 45.Kg1 g5 46.Rb3 g4 47.hxg4 
hxg4 48.Ra3 Rc5 49.Rb3 Kg5 50.g3 fxg3 51.fxg3 Rc1+ 52.Kg2 Re1 1/2-1/2

[Event "20th EUR-ch"]
[Site "Skopje MKD"]
[Date "2019.03.21"]
[Round "4"]
[White "Druska, Juraj"]
[Black "Safarli, Eltaj"]
[Result "0-1"]
[WhiteElo "2434"]
[BlackElo "2662"]
[EventDate "2019.03.18"]
[Board "80"]
[PlyCount "102"]

1.e4 c5 2.Nf3 Nc6 3.d4 cxd4 4.Nxd4 Nf6 5.Nc3 e6 6.Ndb5 d6 7.Bf4 e5 8.Bg5 
a6 9.Na3 b5 10.Nd5 Be7 11.Bxf6 Bxf6 12.c4 b4 13.Nc2 O-O 14.Be2 a5 15.O-O 
Bg5 16.Qd3 Be6 17.Rfd1 g6 18.a3 bxa3 19.Qxa3 Qb8 20.Rd3 Bxd5 21.Rxd5 Nb4 
22.Nxb4 axb4 23.Qxa8 Qxa8 24.Rxa8 Rxa8 25.h4 Bxh4 26.g3 Bg5 27.Rb5 Bd2 28.
c5 dxc5 29.Bc4 Bc1 30.b3 Ra7 31.Rxc5 Bb2 32.Rc6 Bd4 33.Ra6 Re7 34.Kg2 Kg7 
35.Ra8 h5 36.Ra4 Rb7 37.Bd5 Rb6 38.f3 g5 39.Ra7 Rf6 40.Rb7 g4 41.fxg4 hxg4
42.Rxb4 Rf2+ 43.Kh1 Rf3 44.Kg2 Bc3 45.Rb7 Be1 46.b4 Kg6 47.b5 Rf2+ 48.Kg1 
Rb2 49.Bxf7+ Kf6 50.Bh5 Kg5 51.Be8 Bxg3 0-1

[Event "20th EUR-ch"]
[Site "Skopje MKD"]
[Date "2019.03.21"]
[Round "4"]
[White "Onischuk, Volodymyr"]
[Black "Colovic, Aleksandar"]
[Result "1-0"]
[WhiteElo "2626"]
[BlackElo "2449"]
[EventDate "2019.03.18"]
[Board "81"]
[PlyCount "81"]

1.e4 c5 2.Ne2 Nf6 3.Nbc3 d6 4.g3 Nc6 5.Bg2 g6 6.d4 cxd4 7.Nxd4 Nxd4 8.Qxd4
Bg7 9.e5 Nd7 10.Qa4 O-O 11.exd6 Nb6 12.Qf4 Qxd6 13.O-O Qxf4 14.Bxf4 e5 15.
Bg5 Bf5 16.Bxb7 Rab8 17.Ba6 Bxc2 18.Rac1 Bf5 19.Rfd1 Bg4 20.Rd2 Bf3 21.a4 
Bb7 22.Be2 Rbc8 23.Rcd1 Nc4 24.Rd7 Ba8 25.Bc1 a5 26.Nd5 Bxd5 27.R7xd5 e4 
28.b3 Nb2 29.Bxb2 Bxb2 30.Rxa5 Rfd8 31.Rxd8+ Rxd8 32.Kf1 Rd2 33.Rc5 Bd4 
34.Rc4 f5 35.Ke1 e3 36.a5 g5 37.a6 f4 38.Rxd4 Rxd4 39.a7 exf2+ 40.Kxf2 
fxg3+ 41.hxg3 1-0

[Event "20th EUR-ch"]
[Site "Skopje MKD"]
[Date "2019.03.21"]
[Round "4"]
[White "Salgado Lopez, Ivan"]
[Black "Hnydiuk, Aleksander"]
[Result "1/2-1/2"]
[WhiteElo "2622"]
[BlackElo "2417"]
[EventDate "2019.03.18"]
[Board "82"]
[PlyCount "67"]

1.e4 c5 2.Nf3 Nc6 3.d4 cxd4 4.Nxd4 e6 5.Nc3 a6 6.Nxc6 bxc6 7.Bd3 d5 8.O-O 
Nf6 9.Qe2 Be7 10.b3 O-O 11.Bb2 Bb7 12.Rae1 Qc7 13.f4 Rfe8 14.Kh1 Bb4 15.a3
Bxc3 16.Bxc3 Nxe4 17.Bxe4 dxe4 18.Qg4 f5 19.Qh4 Qe7 20.Qf2 Rad8 21.h3 Qxa3
22.Rg1 Rd7 23.Kh2 Qd6 24.Be5 Qb4 25.Re2 Red8 26.g4 Rd2 27.c3 Rxe2 28.Qxe2 
Qxb3 29.c4 Qb4 30.Rg2 g6 31.gxf5 exf5 32.c5 Rd3 33.Qf2 e3 34.Qh4 1/2-1/2

[Event "20th EUR-ch"]
[Site "Skopje MKD"]
[Date "2019.03.21"]
[Round "4"]
[White "Kozul, Zdenko"]
[Black "Gaehwiler, Gabriel"]
[Result "0-1"]
[WhiteElo "2619"]
[BlackElo "2414"]
[EventDate "2019.03.18"]
[Board "83"]
[PlyCount "80"]

1.d4 Nf6 2.Nf3 e6 3.c4 d5 4.Nc3 c5 5.cxd5 Nxd5 6.e4 Nxc3 7.bxc3 cxd4 8.
cxd4 Bb4+ 9.Bd2 Bxd2+ 10.Qxd2 O-O 11.Bc4 Nd7 12.O-O b6 13.a4 Bb7 14.Rfe1 
Rc8 15.Bd3 e5 16.d5 Nc5 17.Bc2 Qd6 18.a5 Rcd8 19.axb6 axb6 20.Qc3 Rfe8 21.
Ba4 Nxa4 22.Rxa4 f5 23.exf5 Bxd5 24.h3 Qc6 25.Qxc6 Bxc6 26.Ra3 e4 27.Ng5 
Rd5 28.g4 Rd3 29.Ra7 Bd5 30.f3 e3 31.Rd7 e2 32.Kf2 h6 33.Rxe2 Rb8 34.Ne4 
Bxe4 35.Rc7 Rxf3+ 36.Kg1 Re8 37.Kh2 Bc6 38.Rb2 Bd5 39.Rd2 Ra3 40.h4 Re1 
0-1

[Event "20th EUR-ch"]
[Site "Skopje MKD"]
[Date "2019.03.21"]
[Round "4"]
[White "Pashikian, Arman"]
[Black "Ioannidis, Evgenios"]
[Result "1/2-1/2"]
[WhiteElo "2616"]
[BlackElo "2412"]
[EventDate "2019.03.18"]
[Board "84"]
[PlyCount "118"]

1.d4 Nf6 2.Nf3 d5 3.c4 e6 4.g3 dxc4 5.Bg2 Nc6 6.Qa4 Bb4+ 7.Bd2 Nd5 8.Bxb4 
Nxb4 9.Na3 Rb8 10.O-O O-O 11.Qb5 b6 12.Qxc4 Ba6 13.Nb5 Qe8 14.Rfc1 Nd5 15.
Qxc6 Qxc6 16.Rxc6 Bxb5 17.Rc2 Rbc8 18.Rac1 c5 19.dxc5 Nb4 20.Rd2 Nxa2 21.
Ra1 Nb4 22.Rxa7 Rxc5 23.Rb7 Rcc8 24.Bf1 Rb8 25.Rxb8 Rxb8 26.e3 Be8 27.Ne5 
Nc6 28.Nxc6 Bxc6 29.Rd6 Bd5 30.Bg2 Bxg2 31.Kxg2 Kf8 32.b4 Ke7 33.Rc6 Kd7 
34.b5 Rb7 35.Kf3 Rb8 36.h4 Rb7 37.g4 Ke7 38.Ke4 h5 39.g5 Ra7 40.f4 Ra4+ 
41.Kf3 e5 42.Rxb6 exf4 43.exf4 Rb4 44.f5 Rxh4 45.Rb7+ Ke8 46.b6 Rb4 47.f6 
gxf6 48.gxf6 Kd8 49.Kg3 Rg4+ 50.Kh2 Rh4+ 51.Kg3 Rg4+ 52.Kh2 Rh4+ 53.Kg3 
Rg4+ 54.Kh3 Rb4 55.Rb8+ Kd7 56.b7 Kc7 57.Rf8 Kxb7 58.Rxf7+ Kc6 59.Rg7 Kd6 
1/2-1/2